000 00560nam a22001817a 4500
003 OSt
005 20260601193901.0
008 260507b1976 mx |||| |||| 00| 0 spa d
040 _aICI
_bspa
_cICI
050 _aZ697.A7
_bK37
100 1 _aKatzman, Israel,
_d1930-
_eautor
_933943
245 1 _aSistema de clasificacion bibliografica de arquitectura y urbanismo.
260 _aMéxico :
_bIndeco,
_c1976
300 _a40 páginas
_c21cm.
490 0 _aPublicaciones del CIDIV ;
_v1
650 4 _aLibros
_xClasificación
_xArquitectura
_933944
942 _2lcc
_cB
_n0
999 _c22251
_d22251